Fundamentals of cytogenetics and genetics (Record no. 329218)

000 -LEADER
fixed length control field nam a22 7a 4500
003 - CONTROL NUMBER IDENTIFIER
control field ASAB
005 - DATE AND TIME OF LATEST TRANSACTION
control field 20170427112104.0
008 - FIXED-LENGTH DATA ELEMENTS--GENERAL INFORMATION
fixed length control field 170427b xxu||||| |||| 00| 0 eng d
020 ## - INTERNATIONAL STANDARD BOOK NUMBER
International Standard Book Number 978-81-203-4033-6
040 ## - CATALOGING SOURCE
Transcribing agency ASAB
082 ## - DEWEY DECIMAL CLASSIFICATION NUMBER
Classification number 614.4
245 ## - TITLE STATEMENT
Title Fundamentals of cytogenetics and genetics
Statement of responsibility, etc. by Mahabal Ram
246 ## - VARYING FORM OF TITLE
Title proper/short title cytogenetics
Remainder of title genetics
250 ## - EDITION STATEMENT
Edition statement eastern economy edition
260 ## - PUBLICATION, DISTRIBUTION, ETC.
Place of publication, distribution, etc. New Delhi
Name of publisher, distributor, etc. PHI Learning private Limited.
Date of publication, distribution, etc. 2010
300 ## - PHYSICAL DESCRIPTION
Extent 653 P
942 ## - ADDED ENTRY ELEMENTS (KOHA)
Source of classification or shelving scheme
Koha item type Book
Holdings
Withdrawn status Lost status Source of classification or shelving scheme Damaged status Not for loan Collection code Permanent Location Current Location Date acquired Total Checkouts Full call number Barcode Date last seen Price effective from Koha item type
            Atta-ur-Rahman School of Applied Biosciences (ASAB) Atta-ur-Rahman School of Applied Biosciences (ASAB) 04/27/2017   614.4 RAM ASAB1973 04/27/2017 04/27/2017 Book
© 2023 Central Library, National University of Sciences and Technology. All Rights Reserved.